000 01275naa a22003497a 4500
001 BR7602453
003 BR-BrBNA
005 20240918173827.0
007 ta
008 230509b bl.||||| |||| 00| 0 por d
040 _aBR-BrBNA
_bpor
_cBiblioteca Nacional de Agricultura
041 _a(Pt)
072 _aF60
_b0940
_bG514
_bGZ65
090 _aF60 BR7602453
100 1 _aQueiroz Filho, S.C. de
100 1 _aMillar, A.A.
100 1 _aAlvim, P. de T.
111 1 _a3. Seminario Nacional de IGRRIGACAO E Drenagem
_cFortaleza, CE (Brazil)
_d16 Nov 1975
245 1 _aMicrometeorologia da videira sob condicoes de deficiencia hidrica [Vitis vinifera; Uva; Bioquimica vegetal; Sub medio Sao Francisco; Brasil]
260 3 _aFORTALEZA, CE (Brasil):
_c1976.
500 _aAnais do 3. Seminario Nacional de Irrigacao e Drenagem FORTALEZA, CE (Brasil): 1976. p. 434-439 (BR7602453-AM)F60
650 _aBioquimica vegetal
650 _aUva
650 _aAbsorcao
650 _aAgua
650 _aBalanco hidrico
650 _aEvapotranspiracao
650 _aFolha
773 0 _tAnais do 3. Seminario Nacional de Irrigacao e Drenagem
_b
_wF60 BR7602453
_gFORTALEZA, CE (Brasil), 1976. p. 434-439
909 _a202404
_bLucia
_c55
_dLucia Elande
942 _cAM
_2AGRIS
999 _c307154
_d307154